|
|
|
|
| LEADER |
00000cam a2200000 4500 |
| 001 |
vtls011769285 |
| 003 |
SK-MaSNL |
| 005 |
20260301183447.0 |
| 008 |
200104s2018 xo odl frn 101 0 eng |
| 015 |
|
|
|a SNBA2018/09
|
| 020 |
|
|
|a 9788097308674
|q (brožované)
|
| 035 |
|
|
|a urn:nbn:sk:snk-am00d4pk
|
| 035 |
|
|
|a urn:nbn:sk:snk-am3hlmn
|
| 035 |
|
|
|a 608CB616-A1FD-415F-B76D-409D05E5936C
|
| 040 |
|
|
|a SNK
|b slo
|c SNK
|e rda
|
| 041 |
0 |
|
|a eng
|
| 044 |
|
|
|a xo
|c SK
|
| 072 |
|
7 |
|a 577
|x Biochémia. Molekulárna biológia. Biofyzika
|2 konspekt
|
| 080 |
|
|
|a 577.3
|2 2011
|
| 080 |
|
|
|a (062.534)
|2 2011
|
| 111 |
2 |
|
|a Slovak Biophysical Symposium
|n (8. :
|d 2018 :
|c Košice, Slovensko)
|4 aut
|9 558730
|
| 245 |
0 |
0 |
|a Book of contributions
|b 8th Slovak Biophysical Symposium : Mayl 30-June 1, 2018 Košice, Slovakia
|c editors: G. Fabriciová, E. Dušeková
|
| 246 |
3 |
0 |
|a 8th Slovak Biophysical Symposium
|
| 246 |
3 |
|
|a Eighth Slovak Biophysical Symposium
|
| 250 |
|
|
|a First edition
|
| 264 |
|
1 |
|a Košice
|b Slovak Biophysical Society
|c 2018
|
| 300 |
|
|
|a 106 strán
|b grafy, ilustrácie
|c 25 cm
|
| 336 |
|
|
|a text
|b txt
|2 rdacontent
|
| 337 |
|
|
|a bez média
|b n
|2 rdamedia
|
| 338 |
|
|
|a zväzok
|b nc
|2 rdacarrier
|
| 504 |
|
|
|a Obsahuje bibliografiu ; bibliografické odkazy ; register
|
| 650 |
0 |
7 |
|a biofyzika
|2 SNKPH
|9 2519
|
| 650 |
0 |
7 |
|a Biophysics
|2 SNKPHeng
|9 266274
|
| 655 |
|
7 |
|a zborníky konferencií
|2 SNKPH
|9 70153
|
| 655 |
|
7 |
|a Proceedings of conferences
|2 SNKPHeng
|9 265791
|
| 700 |
1 |
|
|a Fabriciová, Gabriela
|4 edt
|9 558731
|
| 700 |
1 |
|
|a Dušeková, Eva
|4 edt
|9 558732
|
| 919 |
|
|
|a 978-80-973086-7-4
|
| 958 |
|
|
|a NB
|
| 999 |
|
|
|c 857082
|d 859012
|
| 952 |
|
|
|a SNK
|b SNK
|y PREZ
|7 0
|p 17A1334227
|o snkSC 180428
|i snk2018/16010
|8 0
|0 0
|1 0
|4 0
|d 2018-07-26
|f 1
|l 0
|r 2026-02-24 05:00:44
|w 2026-02-24
|
| 952 |
|
|
|a SNK
|b SNK
|y VYP
|7 0
|p 17A1334228
|o snkSC 180428 D1
|i snk2018/16011
|8 0
|0 0
|1 0
|4 0
|d 2018-07-26
|l 0
|r 2026-02-24 05:00:44
|w 2026-02-24
|